000 00549nam a2200229Ia 4500
003 OSt
005 20221005114316.0
006 a|||||r|||| 00| 0
007 ta
008 221004b |||||||| |||| 00| 0 eng d
024 _a59726
037 _cTextual
040 _aCRL
_cCRL
_beng
041 _2eng
_aeng
082 _aV:71, J22
100 _aWheeler Mortimer
245 0 _aArchaeology from the earth
260 _c1952
650 _aHISTORY
942 _hV:71, J22
_cTEXL
_2cc
999 _c1030918
_d1030918